000 00519nam a2200169Ia 4500
999 _c8034
_d8034
003 OSt
005 20200129141312.0
008 190216s9999||||xx |||||||||||||| ||und||
020 _a9788131511190
040 _coclc
082 _a174.4
_bFER/B
100 _aFerrell, O C
_91586
245 0 _aBusiness Ethics A Case Perspective /
_cO C Ferrell ; John Fraedrich ; Linda ferrell
260 _bCengage Learning,
_c2011.
_aNew Delhi:
300 _a363p
942 _cBK
_2ddc
_h174.4
_iFER/B
_k174.4
_mFER/B